Consejos de Desarrollo Municipal /
Guardado en:
| Autor principal: | |
|---|---|
| Formato: | Texto |
| Materias: | |
| Etiquetas: |
Agregar Etiqueta
Sin Etiquetas, Sea el primero en etiquetar este registro!
|
MARC
| LEADER | 00000 a a2200000 04500 | ||
|---|---|---|---|
| 001 | 16172 | ||
| 003 | |||
| 040 | |||
| 100 | |a Godichet, Oliver T. | ||
| 245 | |a Consejos de Desarrollo Municipal / |c Oliver T. Godichet | ||
| 650 | |a PLANIFICACION REGIONAL | ||
| 650 | |a DESARROLLO HUMANO | ||
| 650 | |a AMERICA CENTRAL | ||
| 650 | |a MIGRACION | ||
| 650 | |a REGUGIADOS | ||
| 773 | |g número 52; páginas 393-424 | ||
| 999 | |c 29729 |d 29729 | ||
